[Event "TUR-ch op"]
[Site "Antalya"]
[Date "2008.02.07"]
[Round "7.86"]
[White "Sahin, Fatma"]
[Black "Karadan, Mehmet"]
[Result "1-0"]
[WhiteElo "1232"]
[BlackElo "1252"]
[PlyCount "63"]
[EventDate "2008.02.04"]
[EventType "swiss"]
[EventRounds "11"]
[EventCountry "TUR"]
[SourceTitle "CBM 122 Extra"]
[Source "ChessBase"]
[SourceDate "2008.03.04"]
[SourceVersion "1"]
[SourceVersionDate "2008.03.04"]
[SourceQuality "1"]

1. e4 c6 2. d4 d5 3. exd5 cxd5 4. c4 Nf6 5. Nc3 e6 6. Nf3 Nc6 7. c5 b6 8. Bb5 Bd7 9. Bxc6 Bxc6 10. b4 a5 11. b5 Bd7 12. c6 Bc8 13. a4 Bb4 14. Bd2 Qd6 15. 0-0 0-0 16. Re1 Re8 17. h3 Ra7 18. Re5 Rae7 19. Qc2 h6 20. Rae1 Qc7 21. g4 Bd6 22. g5 Bxe5 23. Rxe5 Nh7 24. gxh6 f6 25. Rh5 f5 26. Ne5 Nf6 27. Rg5 Nh7 28. Rg6 Kh8 29. Qd1 gxh6 30. Bxh6 Rg8 31. Qh5 Nf6 32. Bg7# 1-0

[Event "TUR-ch op"]
[Site "Antalya"]
[Date "2008.02.04"]
[Round "2.76"]
[White "Karadan, Mehmet"]
[Black "Durucay, Ethem"]
[Result "0-1"]
[WhiteElo "1252"]
[BlackElo "1702"]
[PlyCount "140"]
[EventDate "2008.02.04"]
[EventType "swiss"]
[EventRounds "11"]
[EventCountry "TUR"]
[SourceTitle "CBM 122 Extra"]
[Source "ChessBase"]
[SourceDate "2008.03.04"]
[SourceVersion "1"]
[SourceVersionDate "2008.03.04"]
[SourceQuality "1"]

1. d4 Nf6 2. Nf3 e6 3. Bg5 Be7 4. e3 d5 5. c4 Nbd7 6. Nc3 c6 7. cxd5 Nxd5 8. Bxe7 Qxe7 9. Nxd5 exd5 10. Bd3 Nf6 11. 0-0 0-0 12. h3 Re8 13. Rc1 Ne4 14. Qc2 Bf5 15. Rfe1 Qe6 16. Ng5 Qg6 17. f4 h6 18. g4 hxg5 19. gxf5 Qxf5 20. Kh2 gxf4 21. Rf1 f3 22. Rf2 Qh5 23. Rff1 Ng5 24. Bf5 Rxe3 25. Bg4 Re2+ 26. Qxe2 fxe2 27. Bxh5 exf1Q 28. Rxf1 f6 29. h4 Ne4 30. Bf3 Re8 31. Rg1 Nd2 32. Bd1 Re4 33. Rg4 Rxg4 34. Bxg4 Kf7 35. Bc8 b6 36. Kg2 Ke7 37. Kf2 g6 38. Kg3 Nc4 39. b3 Ne3 40. Bb7 Kd7 41. Ba6 Nf5+ 42. Kg4 b5 43. h5 Nxd4 44. h6 Nf5 45. h7 Nh6+ 46. Kf4 Nf7 47. a4 bxa4 48. bxa4 Nh8 49. Bd3 Ke7 50. Ke3 c5 51. Bb5 Kd6 52. Kf4 c4 53. Ke3 Ke5 54. Kd2 Kd4 55. Kc2 f5 56. Kd2 f4 57. Bd7 g5 58. Bg4 c3+ 59. Kc2 Kc4 60. Be2+ Kb4 61. Bb5 d4 62. Kd3 g4 63. Ke2 Kb3 64. Kd1 f3 65. Be8 f2 66. Ke2 c2 67. Kxf2 c1Q 68. Kg3 Qe3+ 69. Kxg4 Qxe8 70. a5 d3 0-1